000 01180nam0a22003131 4500
001 rc\4405718
005 20250612073410.0
021 _aRU
_b[64-75619]
035 _a(NLR Aleph) 008561098
090 _a8466116
_c8466116
100 _a20130416d1964 |||y0rusy50 ca
101 0 _arus
102 _aRU
105 _aa z |||||
200 1 _aИзмельчение материалов в цементной промышленности
210 _aМосква
_cСтройиздат
_d1964
215 _a275 с.
_cчерт.
_d22
300 _aПеред загл. авт.: Ю.И. Дешко, М.Б. Креймер, Г.С. Крыхтин
320 _aБиблиогр.: с. 271-274 (70 назв.)
606 _aЦементное сырье
_xПомол
_2psbo
606 _aДробильно-размольное оборудование
_2psbo
700 1 _aДешко
_bЮ.И.
_gЮрий Иванович
701 1 _aКрыхтин
_bГ.С.
_gГеоргий Степанович
701 1 _aКреймер
_bМ.Б.
_gМихаил Борисович
801 0 _aRU
_bNLR
_gpsbo
801 1 _aRU
_bELAR
_2rusmarc
852 _aNLR
_j64-5/4911
942 _cBOOK
980 _aNB